header

10 cool Lego mindstorms (Record no. 9242)

MARC details
000 -LEADER
fixed length control field 01164nam a2200277Ia 4500
001 - CONTROL NUMBER
control field ebr10019889
003 - CONTROL NUMBER IDENTIFIER
control field CaPaEBR
006 - FIXED-LENGTH DATA ELEMENTS--ADDITIONAL MATERIAL CHARACTERISTICS--GENERAL INFORMATION
fixed length control field m o u
007 - PHYSICAL DESCRIPTION FIXED FIELD--GENERAL INFORMATION
fixed length control field cr cn|||||||||
008 - FIXED-LENGTH DATA ELEMENTS--GENERAL INFORMATION
fixed length control field 140910s2002 mau s 000 0 eng d
020 ## - INTERNATIONAL STANDARD BOOK NUMBER
Cancelled/invalid ISBN 9781931836609
Cancelled/invalid ISBN 9780080555157 (ebook)
040 ## - CATALOGING SOURCE
Original cataloging agency CaPaEBR
Transcribing agency CaPaEBR
035 ## - SYSTEM CONTROL NUMBER
System control number (OCoLC)559302587
050 14 - LIBRARY OF CONGRESS CALL NUMBER
Classification number TJ211.15
Item number .A786 2002eb
245 00 - TITLE STATEMENT
Title 10 cool Lego mindstorms
Medium [electronic resource] :
Remainder of title ultimate builders projects /
Statement of responsibility, etc David Astolfo ...[et al.].
246 1# - VARYING FORM OF TITLE
Display text Cover subtitle:
Title proper/short title Amazing projects you can build in under an hour
260 ## - PUBLICATION, DISTRIBUTION, ETC. (IMPRINT)
Place of publication, distribution, etc Rockland, Mass. :
Name of publisher, distributor, etc Syngress Publishing, Inc. ;
Place of publication, distribution, etc [Berkeley, CA] :
Name of publisher, distributor, etc Distributed by Publishers Group West,
Date of publication, distribution, etc c2002.
300 ## - PHYSICAL DESCRIPTION
Extent xvi, 263 p.
533 ## - REPRODUCTION NOTE
Type of reproduction Electronic reproduction.
Place of reproduction Palo Alto, Calif. :
Agency responsible for reproduction ebrary,
Date of reproduction 2014.
Note about reproduction Available via World Wide Web.
-- Access may be limited to ebrary affiliated libraries.
650 #0 - SUBJECT ADDED ENTRY--TOPICAL TERM
Topical term or geographic name as entry element Robots.
Topical term or geographic name as entry element LEGO toys.
655 #7 - INDEX TERM--GENRE/FORM
Genre/form data or focus term Electronic books.
Source of term local
710 2# - ADDED ENTRY--CORPORATE NAME
Corporate name or jurisdiction name as entry element ebrary, Inc.
856 40 - ELECTRONIC LOCATION AND ACCESS
Uniform Resource Identifier <a href="http://site.ebrary.com/lib/rucke/Doc?id=10019889">http://site.ebrary.com/lib/rucke/Doc?id=10019889</a>
Public note An electronic book accessible through the World Wide Web; click to view

No items available.

© 2026 Rongo University
Contact us: librarian | system librarian | Rongo university